000 00358nam a2200133Ia 4500
008 230917s9999||||xx |||||||||||||| ||und||
040 _e72742
_aMAIN
041 _aEnglish
082 _a332.62 T226T
245 0 _aTechnology and future of stockbroking: a prospect for the 1980's
260 _aLondon
_bStock Exchange
_c1979
300 _a59 p.
942 _cBK
999 _c219551
_d219551